Sandwiched countries - Statistics

General Stats
  • This quiz has been taken 313 times
  • The average score is 5 of 7
Answer Stats
Continent Country % Correct
Europe Andorra
82%
Asia Nepal
81%
Asia Mongolia
78%
Asia Bhutan
75%
Europe Liechtenstein
71%
Europe Moldova
53%
Africa Swaziland
51%
No matching quizzes found
Score Distribution
Percent of People with Each Score
Percentile by Number Answered
Your Score History
You have not taken this quiz